00261pam a2200085a 44500008004100000041000800041100003100049245004900080260004600129230405s2008 xxu||||| |||| 00| 0 eng d aENG aTiwari & Ms Anuja Thakkaar aNew Dimensions on Human Resource Development abWisdom Publication C-14 D.S.I.D.Cc2008